000 01540cam a2200205 4500
001 ##L131445
008 051103n2005 000 0 eng u
035 _a(Sirsi) u131445
041 0 _aeng
050 0 4 _a333.33 $2 18
110 1 _aUnited Kingdom
_bOffice of the Deputy Prime Minister
245 _aHome information pack programme
_bcertification scheme
260 _aLondon
_bODPM
_c2005
520 _aThe ODPM has published two documents relating to the Home Information Pack (HIP) certification schemes. The role of certification schemes will be to ensure that home inspectors are fit and proper persons who are properly qualified and insured to prepare home condition reports. The ODPM envisages that certification schemes will be run by industry groups on a non-profit making basis. "HIP programme
_bcertification scheme(s)standards
_bsuggestedcompany framework" contains a suggested technical prospectus and memorandum of understanding for those wishing to form companies and/or seek approval from the ODPM to run a certification scheme. "HIP programme
_bapproval of home inspectors' certifications scheme" details the proposed criteria for the HIP certification scheme.
590 _aIKA081105
650 2 4 _aHOUSING ACT 2004
690 _aPROPERTY-RESIDENTIAL PROPERTY-ACQUISITION AND DISPOSAL OF RESIDENTIAL PROPERTY-HOME BUYING REFORM
856 4 0 _uhttps://www.communities.gov.uk/archived/publications/housing/homeinformationpack4
_zView the HIP programme documents free of charge at www.communities.gov.uk...
942 _n0
999 _c104766
_d104766